000 01257nam a2200337 i 4500
003 DO-SdBNP
005 20260417203557.0
007 ta
008 110413s1997 dr 001 0 spa d
040 _aDO-SdBNP
_bspa
_cBNPHU
_erda
082 _axxxx
_bI25s
_222
100 1 _aIñiquez, P.
_983976
245 1 0 _aSymptoms of a sick culture /
_cP. Iñiquez
264 1 _aSanto Domingo:
_bUNPHU,
_c1997.
300 _a264 páginas
_c22 cm.
336 _2rdacontent
_atexto
_btxt
337 _2rdamedia
_asin mediación
_bn
338 _2rdacarrier
_avolumen
_bnc
500 _aIncluye índice.
590 _aInventariado, 2023/ YL
650 0 _aSanciones económicas
_983963
650 4 _aSanciones económicas
_vCasos de estudio
_zAmérica Latina
_983964
650 4 _aComercio de azúcar
_xHistoria
_ySiglo XX.
_zRepública Dominicana
_983965
650 4 _aArancel sobre el azúcar
_zEstados Unidos.
_983966
650 4 _aDemocratización
_zRepública Dominicana.
_983967
651 4 _aEstados Unidos
_xRelaciones exteriores
_zRepública Dominicana
_96309
651 4 _aRepública Dominicana
_xRelaciones exteriores
_zEstados Unidos
_96308
710 2 _aUniversidad Nacional Pedro Henríquez Ureña
_983980
910 _aYLockward
942 _2ddc
_cLBS1
999 _c54444
_d54444